[Event "Poznan Chess Festival"]
[Site "chess24.com"]
[Date "2021.08.19"]
[Round "6"]
[White "Skrzypczak, Jan"]
[Black "Weglarz, Janusz"]
[Result "1-0"]
[Board "33"]
[WhiteElo "1192"]
[WhiteCountry "POL"]
[WhiteFideId "21019630"]
[WhiteEloChange "18"]
[BlackElo "1607"]
[BlackCountry "POL"]
[BlackFideId "1123076"]
[BlackEloChange "-18"]

1. e4 {[%clk 1:30:30]} c6 {[%clk 1:30:30]} 2. d4 {[%clk 1:30:30]} d5 {[%clk
1:30:30]} 3. Nc3 {[%clk 1:30:30]} dxe4 {[%clk 1:30:30]} 4. Nxe4 {[%clk 1:30:30]}
Bf5 {[%clk 1:30:30]} 5. Ng3 {[%clk 1:30:30]} Bg6 {[%clk 1:30:30]} 6. h4 {[%clk
1:30:30]} h6 {[%clk 1:30:30]} 7. Nf3 {[%clk 1:30:30]} Nd7 {[%clk 1:30:30]} 8. Bd3
{[%clk 1:30:30]} Bxd3 {[%clk 1:30:30]} 9. Qxd3 {[%clk 1:30:30]} e6 {[%clk
1:30:30]} 10. Bd2 {[%clk 1:30:30]} Qc7 {[%clk 1:30:30]} 11. c3 {[%clk 1:30:30]}
Ngf6 {[%clk 1:30:30]} 12. O-O-O {[%clk 1:30:30]} O-O-O {[%clk 1:30:30]} 13. Rhe1
{[%clk 1:30:30]} Bd6 {[%clk 1:30:30]} 14. Ne4 {[%clk 1:30:30]} Bf4 {[%clk
1:30:30]} 15. Qc2 {[%clk 1:30:30]} Ng4 {[%clk 1:30:30]} 16. Bxf4 {[%clk 1:30:30]}
Qxf4+ {[%clk 1:30:30]} 17. Qd2 {[%clk 1:30:30]} Qc7 {[%clk 1:30:30]} 18. Kb1
{[%clk 1:30:30]} Nb6 {[%clk 1:30:30]} 19. Nc5 {[%clk 1:30:30]} Rd5 {[%clk
1:30:30]} 20. Re4 {[%clk 1:30:30]} Nf6 {[%clk 1:30:30]} 21. Re2 {[%clk 1:30:30]}
Rhd8 {[%clk 1:30:30]} 22. Qc2 {[%clk 1:30:30]} Nc4 {[%clk 1:30:30]} 23. Qa4
{[%clk 1:30:30]} b5 {[%clk 1:30:30]} 24. Qa6+ {[%clk 1:30:30]} Kb8 {[%clk
1:30:30]} 25. Nd2 {[%clk 1:30:30]} Nxd2+ {[%clk 1:30:30]} 26. Rexd2 {[%clk
1:30:30]} Qb6 {[%clk 1:30:30]} 27. Qxb6+ {[%clk 1:30:30]} axb6 {[%clk 1:30:30]}
28. Nb3 {[%clk 1:30:30]} Rf5 {[%clk 1:30:30]} 29. f3 {[%clk 1:30:30]} Rf4 {[%clk
1:30:30]} 30. Rh1 {[%clk 1:30:30]} Rd5 {[%clk 1:30:30]} 31. Rd3 {[%clk 1:30:30]}
Nd7 {[%clk 1:30:30]} 32. g3 {[%clk 1:30:30]} Rf6 {[%clk 1:30:30]} 33. Re1 {[%clk
1:30:30]} c5 {[%clk 1:30:30]} 34. Rde3 {[%clk 1:30:30]} c4 {[%clk 1:30:30]} 35.
Nd2 {[%clk 1:30:30]} g5 {[%clk 1:30:30]} 36. hxg5 {[%clk 1:30:30]} hxg5 {[%clk
1:30:30]} 37. Rh1 {[%clk 1:30:30]} Rg6 {[%clk 1:30:30]} 38. Rh7 {[%clk 1:30:30]}
f5 {[%clk 1:30:30]} 39. a4 {[%clk 1:30:30]} e5 {[%clk 1:30:30]} 40. axb5 {[%clk
1:30:30]} f4 {[%clk 1:30:30]} 41. gxf4 {[%clk 1:30:30]} gxf4 {[%clk 1:30:30]} 42.
Re4 {[%clk 1:30:30]} Kc8 {[%clk 1:30:30]} 43. Nxc4 {[%clk 1:30:30]} Rg1+ {[%clk
1:30:30]} 44. Ka2 {[%clk 1:30:30]} exd4 {[%clk 1:30:30]} 45. Rxd7 {[%clk
1:30:30]} Kxd7 {[%clk 1:30:30]} 46. Nxb6+ {[%clk 1:30:30]} Kd6 {[%clk 1:30:30]}
47. Nxd5 {[%clk 1:30:30]} Kxd5 {[%clk 1:30:30]} 48. Rxd4+ {[%clk 1:30:30]} Ke5
{[%clk 1:30:30]} 49. b6 {[%clk 1:30:30]} Rg7 {[%clk 1:30:30]} 50. Re4+ {[%clk
1:30:30]} Kf5 {[%clk 1:30:30]} 51. c4 {[%clk 1:30:30]} Rg3 {[%clk 1:30:30]} 52.
b7 {[%clk 1:30:30]} Rxf3 {[%clk 1:30:30]} 53. Rxf4+ {[%clk 1:30:30]} Rxf4 {[%clk
1:30:30]} 54. b8=Q {[%clk 1:30:30]} Kg4 {[%clk 1:30:30]} 55. c5 {[%clk 1:30:30]}
1-0

[Event "Poznan Chess Festival"]
[Site "chess24.com"]
[Date "2021.08.19"]
[Round "6"]
[White "Pieczewska, Gabriela"]
[Black "Hoffmann, Piotr"]
[Result "0-1"]
[Board "34"]
[WhiteElo "1169"]
[WhiteCountry "POL"]
[WhiteFideId "1195158"]
[WhiteEloChange "-2"]
[BlackElo "1579"]
[BlackCountry "POL"]
[BlackFideId "1134540"]
[BlackEloChange "2"]

1. c4 {[%clk 1:30:30]} e5 {[%clk 1:30:30]} 2. Nc3 {[%clk 1:30:30]} g6 {[%clk
1:30:30]} 3. g3 {[%clk 1:30:30]} Bg7 {[%clk 1:30:30]} 4. Bg2 {[%clk 1:30:30]} Nc6
{[%clk 1:30:30]} 5. e3 {[%clk 1:30:30]} Nge7 {[%clk 1:30:30]} 6. Nge2 {[%clk
1:30:30]} O-O {[%clk 1:30:30]} 7. O-O {[%clk 1:30:30]} d6 {[%clk 1:30:30]} 8. d4
{[%clk 1:30:30]} exd4 {[%clk 1:30:30]} 9. exd4 {[%clk 1:30:30]} Nf5 {[%clk
1:30:30]} 10. Be3 {[%clk 1:30:30]} Re8 {[%clk 1:30:30]} 11. Qd2 {[%clk 1:30:30]}
Nxe3 {[%clk 1:30:30]} 12. fxe3 {[%clk 1:30:30]} Ne7 {[%clk 1:30:30]} 13. e4
{[%clk 1:30:30]} c6 {[%clk 1:30:30]} 14. d5 {[%clk 1:30:30]} f5 {[%clk 1:30:30]}
15. Rad1 {[%clk 1:30:30]} fxe4 {[%clk 1:30:30]} 16. Bxe4 {[%clk 1:30:30]} Nf5
{[%clk 1:30:30]} 17. dxc6 {[%clk 1:30:30]} bxc6 {[%clk 1:30:30]} 18. Bxc6 {[%clk
1:30:30]} Qb6+ {[%clk 1:30:30]} 19. Rf2 {[%clk 1:30:30]} Qxc6 {[%clk 1:30:30]}
20. b3 {[%clk 1:30:30]} Bb7 {[%clk 1:30:30]} 21. Nd5 {[%clk 1:30:30]} Ne3 {[%clk
1:30:30]} 22. Nd4 {[%clk 1:30:30]} Bxd4 {[%clk 1:30:30]} 23. Qxd4 {[%clk
1:30:30]} Nxd5 {[%clk 1:30:30]} 24. cxd5 {[%clk 1:30:30]} Qc5 {[%clk 1:30:30]}
25. Qxc5 {[%clk 1:30:30]} dxc5 {[%clk 1:30:30]} 26. d6 {[%clk 1:30:30]} Rad8
{[%clk 1:30:30]} 27. Rc2 {[%clk 1:30:30]} Re6 {[%clk 1:30:30]} 28. Rcd2 {[%clk
1:30:30]} Rd7 {[%clk 1:30:30]} 29. Kf2 {[%clk 1:30:30]} Bc6 {[%clk 1:30:30]} 30.
h3 {[%clk 1:30:30]} Kf8 {[%clk 1:30:30]} 31. g4 {[%clk 1:30:30]} Ke8 {[%clk
1:30:30]} 32. Kg3 {[%clk 1:30:30]} g5 {[%clk 1:30:30]} 33. Rc1 {[%clk 1:30:30]}
h6 {[%clk 1:30:30]} 34. Rxc5 {[%clk 1:30:30]} Rdxd6 {[%clk 1:30:30]} 35. Rdc2
{[%clk 1:30:30]} a6 {[%clk 1:30:30]} 36. a4 {[%clk 1:30:30]} Kd7 {[%clk 1:30:30]}
37. Ra5 {[%clk 1:30:30]} Re3+ {[%clk 1:30:30]} 38. Kf2 {[%clk 1:30:30]} Rxb3
{[%clk 1:30:30]} 39. Rxa6 {[%clk 1:30:30]} Rxh3 {[%clk 1:30:30]} 40. a5 {[%clk
1:30:30]} Rh2+ {[%clk 1:30:30]} 0-1

[Event "Poznan Chess Festival"]
[Site "chess24.com"]
[Date "2021.08.19"]
[Round "6"]
[White "Zimochocki, Roman"]
[Black "Niemier, Martyna"]
[Result "1-0"]
[Board "36"]
[WhiteElo "1491"]
[WhiteCountry "POL"]
[WhiteFideId "1131290"]
[WhiteEloChange "3"]
[BlackElo "1204"]
[BlackCountry "POL"]
[BlackFideId "21811776"]
[BlackEloChange "-3"]

1. d4 {[%clk 1:30:30]} d5 {[%clk 1:30:30]} 2. Bf4 {[%clk 1:30:30]} Nf6 {[%clk
1:30:30]} 3. e3 {[%clk 1:30:30]} e6 {[%clk 1:30:30]} 4. Nf3 {[%clk 1:30:30]} Bd6
{[%clk 1:30:30]} 5. Bg3 {[%clk 1:30:30]} O-O {[%clk 1:30:30]} 6. Bd3 {[%clk
1:30:30]} c5 {[%clk 1:30:30]} 7. c3 {[%clk 1:30:30]} Nc6 {[%clk 1:30:30]} 8. Nbd2
{[%clk 1:30:30]} Qe7 {[%clk 1:30:30]} 9. dxc5 {[%clk 1:30:30]} Bxc5 {[%clk
1:30:30]} 10. Ne5 {[%clk 1:30:30]} Nxe5 {[%clk 1:30:30]} 11. Bxe5 {[%clk
1:30:30]} Bd6 {[%clk 1:30:30]} 12. Nf3 {[%clk 1:30:30]} Bxe5 {[%clk 1:30:30]} 13.
Nxe5 {[%clk 1:30:30]} Ne4 {[%clk 1:30:30]} 14. O-O {[%clk 1:30:30]} f6 {[%clk
1:30:30]} 15. Nf3 {[%clk 1:30:30]} e5 {[%clk 1:30:30]} 16. Nd2 {[%clk 1:30:30]}
Nc5 {[%clk 1:30:30]} 17. Be2 {[%clk 1:30:30]} f5 {[%clk 1:30:30]} 18. Nb3 {[%clk
1:30:30]} Be6 {[%clk 1:30:30]} 19. Re1 {[%clk 1:30:30]} f4 {[%clk 1:30:30]} 20.
exf4 {[%clk 1:30:30]} Rxf4 {[%clk 1:30:30]} 21. Nxc5 {[%clk 1:30:30]} Qxc5 {[%clk
1:30:30]} 22. Rf1 {[%clk 1:30:30]} Raf8 {[%clk 1:30:30]} 23. Qe1 {[%clk 1:30:30]}
e4 {[%clk 1:30:30]} 24. Rd1 {[%clk 1:30:30]} R4f6 {[%clk 1:30:30]} 25. Rd4 {[%clk
1:30:30]} Rg6 {[%clk 1:30:30]} 26. Kh1 {[%clk 1:30:30]} Qc8 {[%clk 1:30:30]} 27.
f3 {[%clk 1:30:30]} Rf4 {[%clk 1:30:30]} 28. fxe4 {[%clk 1:30:30]} Rxe4 {[%clk
1:30:30]} 29. Qd2 {[%clk 1:30:30]} Re5 {[%clk 1:30:30]} 30. Rdf4 {[%clk 1:30:30]}
Rf5 {[%clk 1:30:30]} 31. Rxf5 {[%clk 1:30:30]} Bxf5 {[%clk 1:30:30]} 32. Bf3
{[%clk 1:30:30]} Be4 {[%clk 1:30:30]} 33. Bxe4 {[%clk 1:30:30]} dxe4 {[%clk
1:30:30]} 34. Qd5+ {[%clk 1:30:30]} Re6 {[%clk 1:30:30]} 35. Re1 {[%clk 1:30:30]}
Qc6 {[%clk 1:30:30]} 36. Qxc6 {[%clk 1:30:30]} bxc6 {[%clk 1:30:30]} 37. Kg1
{[%clk 1:30:30]} Kf8 {[%clk 1:30:30]} 38. Kf2 {[%clk 1:30:30]} Ke7 {[%clk
1:30:30]} 39. Ke3 {[%clk 1:30:30]} Kf6 {[%clk 1:30:30]} 40. Rd1 {[%clk 1:30:30]}
Kf5 {[%clk 1:30:30]} 41. Re1 {[%clk 1:30:30]} Rg6 {[%clk 1:30:30]} 42. Re2 {[%clk
1:30:30]} Rh6 {[%clk 1:30:30]} 43. Rd2 {[%clk 1:30:30]} Ke5 {[%clk 1:30:30]} 44.
Rd4 {[%clk 1:30:30]} Rxh2 {[%clk 1:30:30]} 45. Rxe4+ {[%clk 1:30:30]} Kf5 {[%clk
1:30:30]} 46. Rf4+ {[%clk 1:30:30]} Kg5 {[%clk 1:30:30]} 47. Rf7 {[%clk 1:30:30]}
Kg6 {[%clk 1:30:30]} 48. Rf2 {[%clk 1:30:30]} Rh5 {[%clk 1:30:30]} 49. c4 {[%clk
1:30:30]} Rg5 {[%clk 1:30:30]} 50. b4 {[%clk 1:30:30]} h5 {[%clk 1:30:30]} 51. a4
{[%clk 1:30:30]} Rg4 {[%clk 1:30:30]} 52. Kd2 {[%clk 1:30:30]} a6 {[%clk
1:30:30]} 53. Kc3 {[%clk 1:30:30]} h4 {[%clk 1:30:30]} 54. b5 {[%clk 1:30:30]}
cxb5 {[%clk 1:30:30]} 55. axb5 {[%clk 1:30:30]} axb5 {[%clk 1:30:30]} 56. cxb5
{[%clk 1:30:30]} Rg3+ {[%clk 1:30:30]} 57. Kc4 {[%clk 1:30:30]} h3 {[%clk
1:30:30]} 58. gxh3 {[%clk 1:30:30]} Rxh3 {[%clk 1:30:30]} 59. b6 {[%clk 1:30:30]}
Rh8 {[%clk 1:30:30]} 60. Kb5 {[%clk 1:30:30]} Kg5 {[%clk 1:30:30]} 61. b7 {[%clk
1:30:30]} g6 {[%clk 1:30:30]} 62. Kc6 {[%clk 1:30:30]} Kg4 {[%clk 1:30:30]} 63.
Rg2+ {[%clk 1:30:30]} Kf5 {[%clk 1:30:30]} 64. Rf2+ {[%clk 1:30:30]} Ke6 {[%clk
1:30:30]} 65. Kb6 {[%clk 1:30:30]} Kd7 {[%clk 1:30:30]} 66. Ka7 {[%clk 1:30:30]}
Kc7 {[%clk 1:30:30]} 67. Rc2+ {[%clk 1:30:30]} Kd7 {[%clk 1:30:30]} 68. b8=Q
{[%clk 1:30:30]} Rxb8 {[%clk 1:30:30]} 69. Kxb8 {[%clk 1:30:30]} g5 {[%clk
1:30:30]} 70. Rg2 {[%clk 1:30:30]} 1-0

[Event "Poznan Chess Festival"]
[Site "chess24.com"]
[Date "2021.08.19"]
[Round "6"]
[White "Tadych, Szymon"]
[Black "Borkowski, Pawel"]
[Result "1-0"]
[Board "38"]
[WhiteElo "1396"]
[WhiteCountry "POL"]
[WhiteFideId "21820406"]
[WhiteEloChange "4"]
[BlackElo "1141"]
[BlackCountry "POL"]
[BlackFideId "21007306"]
[BlackEloChange "-4"]

1. e4 {[%clk 1:30:30]} e5 {[%clk 1:30:30]} 2. Nf3 {[%clk 1:30:30]} Nc6 {[%clk
1:30:30]} 3. d4 {[%clk 1:30:30]} exd4 {[%clk 1:30:30]} 4. Bc4 {[%clk 1:30:30]}
Nf6 {[%clk 1:30:30]} 5. e5 {[%clk 1:30:30]} d5 {[%clk 1:30:30]} 6. Bb5 {[%clk
1:30:30]} Ne4 {[%clk 1:30:30]} 7. O-O {[%clk 1:30:30]} Bd7 {[%clk 1:30:30]} 8.
Bxc6 {[%clk 1:30:30]} bxc6 {[%clk 1:30:30]} 9. Nxd4 {[%clk 1:30:30]} Bc5 {[%clk
1:30:30]} 10. f3 {[%clk 1:30:30]} Ng5 {[%clk 1:30:30]} 11. f4 {[%clk 1:30:30]}
Ne6 {[%clk 1:30:30]} 12. c3 {[%clk 1:30:30]} Nxd4 {[%clk 1:30:30]} 13. cxd4
{[%clk 1:30:30]} Be7 {[%clk 1:30:30]} 14. f5 {[%clk 1:30:30]} c5 {[%clk 1:30:30]}
15. e6 {[%clk 1:30:30]} fxe6 {[%clk 1:30:30]} 16. Qh5+ {[%clk 1:30:30]} g6 {[%clk
1:30:30]} 17. fxg6 {[%clk 1:30:30]} Bf6 {[%clk 1:30:30]} 18. g7+ {[%clk 1:30:30]}
Ke7 {[%clk 1:30:30]} 19. gxh8=Q {[%clk 1:30:30]} Qxh8 {[%clk 1:30:30]} 20. Rxf6
{[%clk 1:30:30]} Kd6 {[%clk 1:30:30]} 21. Qe5+ {[%clk 1:30:30]} Kc6 {[%clk
1:30:30]} 22. Bf4 {[%clk 1:30:30]} Rc8 {[%clk 1:30:30]} 23. Rxe6+ {[%clk
1:30:30]} Bxe6 {[%clk 1:30:30]} 24. Qxe6+ {[%clk 1:30:30]} Kb7 {[%clk 1:30:30]}
25. Qxd5+ {[%clk 1:30:30]} c6 {[%clk 1:30:30]} 26. Qxc5 {[%clk 1:30:30]} Rg8
{[%clk 1:30:30]} 27. Qe7+ {[%clk 1:30:30]} Ka6 {[%clk 1:30:30]} 28. Be5 {[%clk
1:30:30]} Rxg2+ {[%clk 1:30:30]} 29. Kxg2 {[%clk 1:30:30]} Qg8+ {[%clk 1:30:30]}
30. Kf2 {[%clk 1:30:30]} Qg6 {[%clk 1:30:30]} 31. Qa3+ {[%clk 1:30:30]} Kb6
{[%clk 1:30:30]} 32. Nd2 {[%clk 1:30:30]} Qf5+ {[%clk 1:30:30]} 33. Nf3 {[%clk
1:30:30]} Qc2+ {[%clk 1:30:30]} 34. Kg1 {[%clk 1:30:30]} Qg6+ {[%clk 1:30:30]}
35. Bg3 {[%clk 1:30:30]} Qg4 {[%clk 1:30:30]} 36. Rc1 {[%clk 1:30:30]} Kb7 {[%clk
1:30:30]} 37. Qc3 {[%clk 1:30:30]} c5 {[%clk 1:30:30]} 38. Qxc5 {[%clk 1:30:30]}
Qxf3 {[%clk 1:30:30]} 39. Qb5+ {[%clk 1:30:30]} Ka8 {[%clk 1:30:30]} 40. Qb8#
{[%clk 1:30:30]} 1-0

[Event "Poznan Chess Festival"]
[Site "chess24.com"]
[Date "2021.08.19"]
[Round "6"]
[White "Kierska, Pola"]
[Black "Cholewa, Jan"]
[Result "1-0"]
[Board "41"]
[WhiteElo "1107"]
[WhiteCountry "POL"]
[WhiteFideId "21854262"]
[WhiteEloChange "14"]
[BlackElo "1250"]
[BlackCountry "POL"]
[BlackFideId "21023956"]
[BlackEloChange "-14"]

1. e4 {[%clk 1:30:30]} e5 {[%clk 1:30:30]} 2. Nf3 {[%clk 1:30:30]} Nc6 {[%clk
1:30:30]} 3. Bc4 {[%clk 1:30:30]} Bc5 {[%clk 1:30:30]} 4. Nc3 {[%clk 1:30:30]} d6
{[%clk 1:30:30]} 5. h3 {[%clk 1:30:30]} Be6 {[%clk 1:30:30]} 6. Bb3 {[%clk
1:30:30]} Nf6 {[%clk 1:30:30]} 7. d3 {[%clk 1:30:30]} Qe7 {[%clk 1:30:30]} 8. O-O
{[%clk 1:30:30]} h6 {[%clk 1:30:30]} 9. Be3 {[%clk 1:30:30]} Bb6 {[%clk 1:30:30]}
10. Qd2 {[%clk 1:30:30]} O-O {[%clk 1:30:30]} 11. Rfe1 {[%clk 1:30:30]} Nh7
{[%clk 1:30:30]} 12. d4 {[%clk 1:30:30]} Bxb3 {[%clk 1:30:30]} 13. axb3 {[%clk
1:30:30]} f5 {[%clk 1:30:30]} 14. Nd5 {[%clk 1:30:30]} Qf7 {[%clk 1:30:30]} 15.
Nxb6 {[%clk 1:30:30]} axb6 {[%clk 1:30:30]} 16. exf5 {[%clk 1:30:30]} Qxf5 {[%clk
1:30:30]} 17. dxe5 {[%clk 1:30:30]} Nxe5 {[%clk 1:30:30]} 18. Nxe5 {[%clk
1:30:30]} Qxe5 {[%clk 1:30:30]} 19. Qd4 {[%clk 1:30:30]} Qxd4 {[%clk 1:30:30]}
20. Bxd4 {[%clk 1:30:30]} Rxa1 {[%clk 1:30:30]} 21. Rxa1 {[%clk 1:30:30]} c5
{[%clk 1:30:30]} 22. Bc3 {[%clk 1:30:30]} Nf6 {[%clk 1:30:30]} 23. Bxf6 {[%clk
1:30:30]} Rxf6 {[%clk 1:30:30]} 24. Re1 {[%clk 1:30:30]} Kf7 {[%clk 1:30:30]} 25.
g3 {[%clk 1:30:30]} Re6 {[%clk 1:30:30]} 26. Kf1 {[%clk 1:30:30]} Rxe1+ {[%clk
1:30:30]} 27. Kxe1 {[%clk 1:30:30]} Ke6 {[%clk 1:30:30]} 28. Ke2 {[%clk 1:30:30]}
Ke5 {[%clk 1:30:30]} 29. Ke3 {[%clk 1:30:30]} d5 {[%clk 1:30:30]} 30. f4+ {[%clk
1:30:30]} Kf5 {[%clk 1:30:30]} 31. g4+ {[%clk 1:30:59]} Kf6 {[%clk 1:30:30]} 32.
c3 {[%clk 1:30:59]} b5 {[%clk 1:30:30]} 33. Kd3 {[%clk 1:30:59]} Ke6 {[%clk
1:30:30]} 34. Ke3 {[%clk 1:30:59]} Kd6 {[%clk 1:30:30]} 35. b4 {[%clk 1:30:59]}
b6 {[%clk 1:30:30]} 36. Kd3 {[%clk 1:30:59]} g5 {[%clk 1:30:30]} 37. f5 {[%clk
1:30:59]} Ke5 {[%clk 1:30:30]} 38. Ke3 {[%clk 1:30:59]} h5 {[%clk 1:30:30]} 39.
Kd3 {[%clk 1:30:59]} hxg4 {[%clk 1:30:30]} 40. hxg4 {[%clk 1:30:59]} d4 {[%clk
1:30:30]} 41. cxd4+ {[%clk 1:30:59]} cxd4 {[%clk 1:30:30]} 42. f6 {[%clk
1:30:59]} Kxf6 {[%clk 1:30:30]} 43. Kxd4 {[%clk 1:30:59]} Ke6 {[%clk 1:30:30]}
44. Ke4 {[%clk 1:30:59]} Kf6 {[%clk 1:30:30]} 45. Kd4 {[%clk 1:30:59]} Kg7 {[%clk
1:30:30]} 46. Ke5 {[%clk 1:30:59]} Kg6 {[%clk 1:30:30]} 47. Ke6 {[%clk 1:30:59]}
Kg7 {[%clk 1:30:30]} 48. Kf5 {[%clk 1:30:59]} Kf7 {[%clk 1:30:30]} 49. Kxg5
{[%clk 1:30:59]} Kg7 {[%clk 1:30:30]} 50. Kf5 {[%clk 1:30:59]} Kf7 {[%clk
1:30:30]} 51. g5 {[%clk 1:30:59]} Kg7 {[%clk 1:30:30]} 52. g6 {[%clk 1:30:59]}
Kg8 {[%clk 1:30:30]} 53. Kf6 {[%clk 1:30:59]} Kf8 {[%clk 1:30:30]} 54. g7+ {[%clk
1:30:59]} Kg8 {[%clk 1:30:30]} 55. b3 {[%clk 1:30:59]} 1-0

[Event "Poznan Chess Festival"]
[Site "chess24.com"]
[Date "2021.08.19"]
[Round "6"]
[White "Zakrzewski, Bartosz"]
[Black "Lesien, Chryzostom"]
[Result "1-0"]
[Board "42"]
[WhiteElo "1578"]
[WhiteCountry "POL"]
[WhiteFideId "1176196"]
[WhiteEloChange "2"]
[BlackElo "1063"]
[BlackCountry "POL"]
[BlackFideId "21836892"]
[BlackEloChange "-2"]

1. e4 {[%clk 1:30:30]} e5 {[%clk 1:30:30]} 2. Nf3 {[%clk 1:30:30]} Nc6 {[%clk
1:30:30]} 3. d4 {[%clk 1:30:30]} exd4 {[%clk 1:30:30]} 4. Nxd4 {[%clk 1:30:30]}
Nxd4 {[%clk 1:30:30]} 5. Qxd4 {[%clk 1:30:30]} d6 {[%clk 1:30:30]} 6. Nc3 {[%clk
1:30:30]} Nf6 {[%clk 1:30:30]} 7. Bg5 {[%clk 1:30:30]} Be7 {[%clk 1:30:30]} 8.
O-O-O {[%clk 1:30:30]} O-O {[%clk 1:30:30]} 9. h4 {[%clk 1:30:30]} b6 {[%clk
1:30:30]} 10. Kb1 {[%clk 1:30:30]} c5 {[%clk 1:30:30]} 11. Qd2 {[%clk 1:30:30]}
Bb7 {[%clk 1:30:30]} 12. f3 {[%clk 1:30:30]} h6 {[%clk 1:30:30]} 13. Bf4 {[%clk
1:30:30]} Ne8 {[%clk 1:30:30]} 14. Bc4 {[%clk 1:30:30]} Qd7 {[%clk 1:30:30]} 15.
g4 {[%clk 1:30:30]} Rd8 {[%clk 1:30:30]} 16. g5 {[%clk 1:30:30]} h5 {[%clk
1:30:30]} 17. g6 {[%clk 1:30:30]} Nf6 {[%clk 1:30:30]} 18. Rhg1 {[%clk 1:30:30]}
Kh8 {[%clk 1:30:30]} 19. gxf7 {[%clk 1:30:30]} Nh7 {[%clk 1:30:30]} 20. Qg2
{[%clk 1:30:30]} Bf6 {[%clk 1:30:30]} 21. e5 {[%clk 1:30:30]} Bxh4 {[%clk
1:30:30]} 22. Qxg7# {[%clk 1:30:30]} 1-0

[Event "Poznan Chess Festival"]
[Site "chess24.com"]
[Date "2021.08.19"]
[Round "6"]
[White "Czyzewski, Leon"]
[Black "Purczynski, Andrzej"]
[Result "1-0"]
[Board "43"]
[WhiteElo "1086"]
[WhiteCountry "POL"]
[WhiteFideId "21007314"]
[WhiteEloChange "14"]
[BlackElo "1221"]
[BlackCountry "POL"]
[BlackFideId "21836914"]
[BlackEloChange "-14"]

1. d4 {[%clk 1:30:30]} Nf6 {[%clk 1:30:30]} 2. Bg5 {[%clk 1:30:30]} d5 {[%clk
1:30:30]} 3. Bxf6 {[%clk 1:30:30]} exf6 {[%clk 1:30:30]} 4. Nc3 {[%clk 1:30:30]}
Be6 {[%clk 1:30:30]} 5. e3 {[%clk 1:30:30]} c5 {[%clk 1:30:30]} 6. Nge2 {[%clk
1:30:30]} Bg4 {[%clk 1:30:30]} 7. h3 {[%clk 1:30:30]} Bf5 {[%clk 1:30:30]} 8. Nf4
{[%clk 1:30:30]} cxd4 {[%clk 1:30:30]} 9. exd4 {[%clk 1:30:30]} Bb4 {[%clk
1:30:30]} 10. Qe2+ {[%clk 1:30:30]} Kf8 {[%clk 1:30:30]} 11. Qb5 {[%clk 1:30:30]}
Qe7+ {[%clk 1:30:30]} 12. Be2 {[%clk 1:30:30]} Bxc3+ {[%clk 1:30:30]} 13. bxc3
{[%clk 1:30:30]} Qd7 {[%clk 1:30:30]} 14. Qc5+ {[%clk 1:30:30]} Ke8 {[%clk
1:30:30]} 15. Nxd5 {[%clk 1:30:30]} Na6 {[%clk 1:30:30]} 16. Bxa6 {[%clk
1:30:30]} Qe6+ {[%clk 1:30:30]} 17. Be2 {[%clk 1:30:30]} Rc8 {[%clk 1:30:30]} 18.
Nc7+ {[%clk 1:30:30]} Rxc7 {[%clk 1:30:30]} 19. Qxc7 {[%clk 1:30:30]} Qc8 {[%clk
1:30:30]} 20. Qxc8+ {[%clk 1:30:30]} Bxc8 {[%clk 1:30:30]} 21. O-O {[%clk
1:30:30]} Kd7 {[%clk 1:30:30]} 22. Bg4+ {[%clk 1:30:30]} Ke7 {[%clk 1:30:30]} 23.
Bxc8 {[%clk 1:30:30]} Rxc8 {[%clk 1:30:30]} 24. Rfe1+ {[%clk 1:30:30]} Kd6 {[%clk
1:30:30]} 25. Rab1 {[%clk 1:30:30]} b6 {[%clk 1:30:30]} 26. Re3 {[%clk 1:30:30]}
Rc7 {[%clk 1:30:30]} 27. Rbe1 {[%clk 1:30:30]} g6 {[%clk 1:30:30]} 28. c4 {[%clk
1:30:30]} f5 {[%clk 1:30:30]} 29. c5+ {[%clk 1:30:30]} bxc5 {[%clk 1:30:30]} 30.
dxc5+ {[%clk 1:30:30]} Rxc5 {[%clk 1:30:30]} 31. Rd3+ {[%clk 1:30:30]} Kc6 {[%clk
1:30:30]} 32. Ree3 {[%clk 1:30:30]} Kb7 {[%clk 1:30:30]} 33. Rb3+ {[%clk
1:30:30]} Ka6 {[%clk 1:30:30]} 34. Rec3 {[%clk 1:30:30]} Rd5 {[%clk 1:30:30]} 35.
Rc4 {[%clk 1:30:30]} Rd1+ {[%clk 1:30:30]} 36. Kh2 {[%clk 1:30:30]} Rd5 {[%clk
1:30:30]} 37. Ra4+ {[%clk 1:30:30]} Ra5 {[%clk 1:30:30]} 38. Rxa5+ {[%clk
1:30:30]} Kxa5 {[%clk 1:30:30]} 39. c4 {[%clk 1:30:30]} Ka4 {[%clk 1:30:30]} 40.
c5 {[%clk 1:30:30]} 1-0

[Event "Poznan Chess Festival"]
[Site "chess24.com"]
[Date "2021.08.19"]
[Round "6"]
[White "Nowak, Bartlomiej"]
[Black "Lakowski, Filip"]
[Result "0-1"]
[Board "44"]
[WhiteElo "1063"]
[WhiteCountry "POL"]
[WhiteFideId "21093148"]
[WhiteEloChange "-6"]
[BlackElo "1196"]
[BlackCountry "POL"]
[BlackFideId "21826420"]
[BlackEloChange "6"]

1. d4 {[%clk 1:30:30]} g6 {[%clk 1:30:30]} 2. c4 {[%clk 1:30:30]} Bg7 {[%clk
1:30:30]} 3. Nc3 {[%clk 1:30:30]} d6 {[%clk 1:30:30]} 4. e4 {[%clk 1:30:30]} Nf6
{[%clk 1:30:30]} 5. Nge2 {[%clk 1:30:30]} O-O {[%clk 1:30:30]} 6. Ng3 {[%clk
1:30:30]} e5 {[%clk 1:30:30]} 7. d5 {[%clk 1:30:30]} c6 {[%clk 1:30:30]} 8. Be2
{[%clk 1:30:30]} cxd5 {[%clk 1:30:30]} 9. cxd5 {[%clk 1:30:30]} b6 {[%clk
1:30:30]} 10. h4 {[%clk 1:30:30]} h5 {[%clk 1:30:30]} 11. Bg5 {[%clk 1:30:30]}
Qd7 {[%clk 1:30:30]} 12. Qd2 {[%clk 1:30:30]} Ba6 {[%clk 1:30:30]} 13. Bf3 {[%clk
1:30:30]} Bb7 {[%clk 1:30:30]} 14. O-O-O {[%clk 1:30:30]} Na6 {[%clk 1:30:30]}
15. Rdg1 {[%clk 1:30:30]} Nb4 {[%clk 1:30:30]} 16. a3 {[%clk 1:30:30]} Na6 {[%clk
1:30:30]} 17. Bd1 {[%clk 1:30:30]} Nc5 {[%clk 1:30:30]} 18. f3 {[%clk 1:30:30]}
Ba6 {[%clk 1:30:30]} 19. Kb1 {[%clk 1:30:30]} Rab8 {[%clk 1:30:30]} 20. Nf1
{[%clk 1:30:30]} Rfe8 {[%clk 1:30:30]} 21. Nh2 {[%clk 1:30:30]} Kf8 {[%clk
1:30:30]} 22. g4 {[%clk 1:30:30]} hxg4 {[%clk 1:30:30]} 23. fxg4 {[%clk 1:30:30]}
Nfxe4 {[%clk 1:30:30]} 24. Nxe4 {[%clk 1:30:30]} Nxe4 {[%clk 1:30:30]} 25. Qe3
{[%clk 1:30:30]} Nxg5 {[%clk 1:30:30]} 26. Qxg5 {[%clk 1:30:30]} Bd3+ {[%clk
1:30:30]} 27. Ka1 {[%clk 1:30:30]} Qb5 {[%clk 1:30:30]} 28. Bf3 {[%clk 1:30:30]}
e4 {[%clk 1:30:30]} 29. Bd1 {[%clk 1:30:30]} Qxb2# {[%clk 1:30:30]} 0-1